000 01329cam a22004094a 4500
001 muse70654
003 MdBmJHUP
005 20210127151204.0
006 m o d
007 cr||||||||nn|n
008 710706s1971 hiu o 00 0 eng d
010 _z 78152462
020 _a9780824879037
020 _z0870221523
035 _a(OCoLC)1053885780
040 _aMdBmJHUP
_cMdBmJHUP
041 0 _aengilo
050 0 4 _aPL5753
_b.C6
082 0 _a499/.21
100 1 _aConstantino, Ernesto,
_d1930-
245 1 0 _aIlokano Dictionary
264 1 _bUniversity of Hawaii Press,
264 3 _bProject MUSE,
300 _a1 online resource (504 p.)
490 0 _aPacific and Asian Linguistics Institute. PALI language texts: Philippines
506 0 _aOpen Access
_fUnrestricted online access
_2star
588 _aDescription based on print version record.
650 0 _aIloko language
_xDictionaries
_xEnglish.
655 7 _aElectronic books.
_2local
710 2 _aProject Muse.
_edistributor
830 0 _aBook collections on Project MUSE.
856 4 0 _zFull text available:
_uhttps://muse.jhu.edu/book/61283/
999 _c24944
_d24944